=LDR 00000nam 2200000 4500 =001 INLIS000000000057795 =005 20210505114647 =035 ##$$a 0010-0521000010 =007 ta =008 210505###########################0#ind## =020 ##$$a BA-272-T-1-86 =082 ##$$a 340.115 =084 ##$$a 340.115 Pen p =245 ##$$a Pendekatan sosiologis terhadap hukum =250 ##$$a Cet.1 =300 ##$$a 416 halaman ; $c 21 cm =650 #4$$a Sosiologi, hukum =700 #$$a Editor, Adam Podgorecki, Cristopher J. Whelan =264 ##$$a jakarta :$b Bina Aksara,$c 1987 =336 ##$$a teks$2 rdacontent =337 ##$$a lain-lain$2 rdamedia =338 ##$$a lain-lain$2 rdacarrier =990 ##$$a 02750275